Normal view MARC view
  • Morin, Edgar,

Entry Nombre Personal

Number of records used in: 3

001 - NUMERO DE CONTROL

  • campo de control: 29528

003 - IDENTIFICADOR DE NUMERO DE CONTROL

  • campo de control: UPN

005 - FECHA Y HORA DE LA ÜLTIMA TRANSACCIÓN

  • campo de control: 20230509133649.0

008 - DATOS DE LONGITUD FIJA

  • campo de control de longitud fija: nabaccnnaabn|||||||||| b |nc|||||d

010 ## - NÚMERO DE CONTROL DE LA BIBLIOTECA DEL CONGRESO

  • Número de control LC: n 50006122

016 ## - NÚMERO DE CONTROL DE UNA AGENCIA BIBLIOGRÁFICA NACIONAL

  • Número de control del registro: 0076F3947E

024 7# - OTROS IDENTIFICADORES NORMALIZADOS

  • Fuente: isni
  • Número normalizado o código: 0000000121468532

035 ## - NUMERO DE CONTROL

  • Número de control: (CaEvSKY)skya1128310

035 ## - NUMERO DE CONTROL

  • Número de control: (OCoLC)oca00041672

040 ## - FUENTE DE CATALOGACIÓN

  • Lenguaje de catalogación: spa
  • Agencia de transcripción: DLC
  • Agencia original de catalogación: DLC
  • Agencia que lo modifica: DLC
  • Agencia que lo modifica: OCl
  • Agencia que lo modifica: DLC
  • Agencia que lo modifica: MX-MrUMS
  • Agencia que lo modifica: DLC
  • Agencia que lo modifica: CaOONL
  • Agencia que lo modifica: NL-TiUL
  • Description conventions: rda

042 ## - CÓDIGO DE AUTENTICACIÓN

  • Código de autenticación: nlc

046 ## - FECHAS CON CODIFICACIÓN ESPECIAL

  • Fuente del formato de fecha: edtf
  • Fecha de nacimiento: 1921-07-08

053 ## - NÚMERO DE CLASIFICACIÓN LC

  • Número de clasificación elemento-número único o número inicial de tramo: PQ2625.O7614

100 1# - ENCABEZAMIENTO - NOMBRE PERSONAL

  • Nombre personal: Morin, Edgar,
  • Fechas asociadas con el nombre: 1921-

372 ## - CAMPO DE ACTIVIDAD

  • Fuente del término: lcsh
  • Field of activity: Sociología

373 ## - GRUPO ASOCIADO

  • Fuente del término: naf
  • Associated group: Centre national de la recherche scientifique (France)
  • Associated group: Agencia Europea para la Cultura Unesco

374 ## - OCUPACIÓN

  • Fuente del término: lcsh
  • Occupation: Filósofo
  • Occupation: Sociólogo
  • Occupation: Ejecutivo
  • Occupation: Crítico
  • Occupation: Autor

377 ## - LENGUA ASOCIADA

  • Language code: fre

400 1# - VEÁSE - NOMBRE DE PERSONA

  • Personal name: Nahum, Edgar,
  • Dates associated with a name: 1921-

400 1# - VEÁSE - NOMBRE DE PERSONA

  • Personal name: Moren, Edgar,
  • Dates associated with a name: 1921-

400 1# - VEÁSE - NOMBRE DE PERSONA

  • Personal name: Nahoum, Edgar,
  • Dates associated with a name: 1921-

670 ## - FUENTE EN LA QUE SE LOCALIZARON DATOS

  • Cita de la fuente: LC

670 ## - FUENTE EN LA QUE SE LOCALIZARON DATOS

  • Cita de la fuente: L’an zéro de l’Allemagne, 1946.

670 ## - FUENTE EN LA QUE SE LOCALIZARON DATOS

  • Cita de la fuente: Edgar Morin, 1995:
  • Información localizada: CIP portada (Edgar Morin) pub. flyer (leading existentialist critic of the life of the French intellectuals; exponent of an alternative, holistic vision of life)

670 ## - FUENTE EN LA QUE SE LOCALIZARON DATOS

  • Cita de la fuente: Čovek i smrt, 1981:
  • Información localizada: portada (Edgar Moren)

670 ## - FUENTE EN LA QUE SE LOCALIZARON DATOS

  • Cita de la fuente: BnF Web OPAC, Sept. 22, 2009
  • Información localizada: (Morin, Edgar (1921-....); b. July 8, 1921; pseudonyme d’Edgar Nahoum, adopté pendant la Résistance; sociologue et philosophe; directeur de recherche émérite au CNRS; directeur du CETSAP, Centre d’études transdisciplinaires et de l’École des hautes études en sciences sociales (1977-1993))

670 ## - FUENTE EN LA QUE SE LOCALIZARON DATOS

  • Cita de la fuente: ¿Hacia dónde se dirigen los valores?, 2006:
  • Información localizada: página 408 (Edgar Morin: sociólogo y director emérito de investigación en el CNRS [Francia]. También es presidente de la Agencia Europea para la Cultura [UNESCO])

680 ## - NOTA PUBLICA DE ACCESO PÚBLICO

  • Frase explicativa de la referencia: Filósofo y sociólogo francés

902 ## - CATALOGADOR

  • Catalogador: DAA/110608

902 ## - CATALOGADOR

  • Catalogador: NDAF/090523